ნორმალური ფორმატი
MARC ფორმატი
ჩანაწერი Personal Name
ჩანაწერთა რაოდენობა, რომელიც გამოყენებულია: 2
001 - CONTROL NUMBER
- control field: 21639
003 - CONTROL NUMBER IDENTIFIER
- control field: GE_BSU
005 - DATE AND TIME OF LATEST TRANSACTION
- control field: 20240329171813.0
008 - FIXED-LENGTH DATA ELEMENTS
- fixed length control field: 240329|| aca||aabn | a|a d
040 ## - CATALOGING SOURCE
- Original cataloging agency: GE_BSU
- Transcribing agency: GE_BSU
100 ## - HEADING--PERSONAL NAME
- Personal name: აროშიძე, ლია
670 ## - SOURCE DATA FOUND
- Source citation: Work cat.: (GE_BSU)41496: აროშიძე, ლია, ბათუმი...მუსიკალური ეპიზოდები=Batumi...Musical episodes /
